000 01660nam a22002177a 4500
005 20220418153711.0
008 220309b ||||| |||| 00| 0 eng d
020 _a9781446207482
040 _cAL
041 _aeng
082 _223
_a174.93
_bISRR
100 _aMark Israel
_923115
245 _aResearch ethics and integrity for social scientists
_bBeyond regulatory compliance
250 _a2nd ed.
260 _aLondon
_bSage
_c2015
300 _axi,247p.
_bHB
_c25x17cm.
365 _2General
_aVBI-1346
_b₹8083.35
_c
_d₹10777.80
_e25%
_f21/02/2022
520 _aEthics and integrity in research are increasingly important for social scientists around the world. We are tackling more complex problems in the face of expanding and not always sympathetic regulation. This book surveys the recent developments and debates around researching ethically and with integrity and complying with ethical requirements. The new edition pushes beyond the work of the first edition through updated and extended coverage of issues relating to international, indigenous, interdisciplinary and internet research.Through case studies and examples drawn from all continents and from across the social science disciplines, the book.demonstrates the practical value of thinking seriously and systematically about ethical conduct in social science research identifies how and why current regulatory regimes have emerged.reveals those practices that have contributed to the adversarial relationships between researchers and regulators.encourages all parties to develop shared solutions to ethical and regulatory problems.
650 _aEthics
_923116
942 _2ddc
_cBK
999 _c221765
_d221765